| 000 | 00956pam a2200265 a 4500 | ||
|---|---|---|---|
| 090 | _c0 | ||
| 001 | 2997973 | ||
| 005 | 19940531094204.5 | ||
| 008 | 930917s1995 nyua b 001 0 eng | ||
| 010 | _a 93036667 | ||
| 020 | _a0070487413 (acidfree paper) | ||
| 040 |
_aDLC _cDLC _dDLC |
||
| 050 | 0 | 0 |
_aHB172 _b.P26 1995 |
| 082 | 0 | 0 |
_a338.52 _220 _bPAS |
| 100 | 1 |
_aPashigian, B. Peter _q(Bedros Peter) |
|
| 245 | 1 | 0 |
_aPrice theory and applications / _cB. Peter Pashigian. |
| 260 |
_aNew York : _bMcGraw-Hill, _cc1995. |
||
| 300 |
_axxiii, 760 p. : _bcol. ill. ; _c25 cm. |
||
| 500 | _aIncludes index. | ||
| 650 | 0 | _aMicroeconomics. | |
| 650 | 0 | _aPrices. | |
| 942 |
_2ddc _cBB |
||
| 999 |
_c10459 _d10459 |
||